000 00752nam a2200277Ia 4500
003 OSt
005 20221006153255.0
006 a|||||r|||| 00| 0
007 ta
008 221006b |||||||| |||| 00| 0 kor d
020 _a9788986506211
024 _a31,844
037 _bGift, Korean Embassy
_cTextual
040 _aEASL
_cEASL
_bkor
041 _2kor
_akor
082 _aO495,3(Q4), P4
100 _aJIN Hyeon Jong Au.
_9663250
245 0 _aCham hyangiroun iyagi
260 _aKorean
_bBeum
_c2005
300 _a256p.
_ccm.
490 _v KL
650 _a KL
650 _aStory about Buddha
_9663251
942 _hO495,3(Q4), P4
_cTEXL
_2CC
999 _c1099930
_d1099930